|
|
|
|
| LEADER |
01314nam a2200349 a 4500 |
| 001 |
EBC1996907 |
| 003 |
MiAaPQ |
| 005 |
20200520144314.0 |
| 006 |
m o d | |
| 007 |
cr cn||||||||| |
| 008 |
130131s2013 cm ab sb 000 0 eng d |
| 020 |
|
|
|z 9956728993
|
| 020 |
|
|
|z 9789956728992
|
| 020 |
|
|
|a 9789956728466 (electronic bk.)
|
| 035 |
|
|
|a (MiAaPQ)EBC1996907
|
| 035 |
|
|
|a (Au-PeEL)EBL1996907
|
| 035 |
|
|
|a (CaPaEBR)ebr10649603
|
| 035 |
|
|
|a (CaONFJC)MIL499234
|
| 035 |
|
|
|a (OCoLC)905997544
|
| 040 |
|
|
|a MiAaPQ
|c MiAaPQ
|d MiAaPQ
|
| 043 |
|
|
|a f-gh---
|
| 050 |
|
4 |
|a HE3454
|b .T74 2013
|
| 100 |
1 |
|
|a Tsey, Komla.
|
| 245 |
1 |
0 |
|a From head-loading to the iron horse
|h [electronic resource] :
|b railway building in colonial Ghana and the origins of tropical development /
|c Komla Tsey.
|
| 260 |
|
|
|a Mankon, Bamenda :
|b Langaa Research & Pub. CIG,
|c 2013.
|
| 300 |
|
|
|a xiv, 238 p. :
|b ill., maps.
|
| 504 |
|
|
|a Includes bibliographical references.
|
| 533 |
|
|
|a Electronic reproduction. Ann Arbor, MI : ProQuest, 2015. Available via World Wide Web. Access may be limited to ProQuest affiliated libraries.
|
| 650 |
|
0 |
|a Railroads
|z Ghana.
|
| 655 |
|
4 |
|a Electronic books.
|
| 710 |
2 |
|
|a ProQuest (Firm)
|
| 856 |
4 |
0 |
|u https://ebookcentral.proquest.com/lib/matrademy/detail.action?docID=1996907
|z Click to View
|